Poem
| Main Author: | Fibich, Zdeněk, 1850-1900 |
|---|---|
| Other Authors: | Kubelík, Jan, 1880-1940 |
| Language: | No linguistic content |
| Published: |
Praha : Fr. A. Urbánek a synové, c1909 |
| Edition: | 28. vyd. |
| Physical Description: |
1 partitura (3 s.) + 1 hlas (1 s.) |
| LEADER | 00804ncm a22002292a 4500 | ||
|---|---|---|---|
| 001 | 001327627 | ||
| 003 | CZ BrMZK | ||
| 005 | 20131107114408.0 | ||
| 007 | qu | ||
| 008 | 030909s1909 xr f zxx d | ||
| 040 | |a BOA001 |b cze | ||
| 072 | 7 | |a 787 |x Hudba pro strunné a smyčcové nástroje |2 Konspekt |9 9 | |
| 100 | 1 | |a Fibich, Zdeněk, |d 1850-1900 |7 jk01031059 |4 cmp | |
| 245 | 1 | 0 | |a Poem |h [hudebnina] / |c Zdeněk Fibich ; violino e piano (Jan Kubelík) |
| 250 | |a 28. vyd. | ||
| 260 | |a Praha : |b Fr. A. Urbánek a synové, |c c1909 | ||
| 300 | |a 1 partitura (3 s.) + 1 hlas (1 s.) | ||
| 700 | 1 | |a Kubelík, Jan, |d 1880-1940 |7 jo20010086913 |4 arr | |
| 910 | |a BOA001 |b Mus4-0181.203 | ||
| 990 | |a MU | ||
| 991 | |b 201309 | ||
| 996 | 6 | |b 2619600066 |c Mus4-0181.203 |l MZK |r Sklad / do 1 hodiny |n 0 |w 001362611 |u 000010 |a 1 |e BOA001 |j MZK50 |s P | |
English
Čeština 